000 00337nam a2200145Ia 4500
003 OSt
005 20240320115817.0
008 170523s9999 xx 000 0 und d
020 _a978-0070077171
040 _ciimtu meerut
100 _aGANGULI
245 0 _aINTELECTUAL PROPERTY RIGHTS
260 _bTATA MC GRAW HILL
942 _2ddc
_c02
999 _c1683
_d1683